Statistics for Geographical suffixes and endings

Click here to take the quiz!

General Stats

  • This quiz has been taken 115 times
  • The average score is 19 of 20

Answer Stats

HintAnswer% Correct
Platts, Pitts, Edinburgh
100%
Mary, Scot, Po, Ice, Jutland
100%
Soma, Austra, Mongolia
100%
Kazakh, Kyrgyz, Paki, Kurdi, Turkestan
100%
Bos, Washing, Charles, Trentton
100%
Stras, Cher, Luxembourg
99%
Anna, Indiana, Minnea, Persepolis
99%
Bava, Bulga, Alge, Aust, Syria
99%
Nash, Charlottes, Knoxville
99%
Ham, Salz, Johannes, St Petersburg
98%
Kansas, Quezon, Vatican, Ho Chi MinhCity
98%
Hage, Liechten, Schleswig-Holstein
98%
Ug, Rw, Luanda
96%
Rhode, Block, TurtleIsland
95%
Wilt, York, Worcester, Carmarthenshire
95%
Wat, Amman, Ox, Bed, Chelmsford
94%
Shen, Goy, Pyongyang
90%
Bei, Nan, Chong, Longjing
88%
Wey, Ux, Cam, Kingsbridge
84%
South, Stock, Brid, Newport
48%

Score Distribution

Percentile by Number Answered

Percent of People with Each Score

Your Score History

You have not taken this quiz